000
00310nam a22001337a 4500
008
180919b xxu||||| |||| 00| 0 eng d
020
_a
9781455739080
041
_a
eng
080
_a
616.053
100
_a
8
101
_a
PED
245
_a
Pediatric Clinics Of North America
_c
Patel.D.R
942
_2
udc
_c
BK
999
_c
48023
_d
48023